000 01107nam a2200313 4500
001 179103
003 ES-MaACL
005 20230918112725.0
008 110908s2008 sp acfo |||| |dspa d
020 _a978-84-935857-1-6
080 _a913(64 Tánger)
080 _a913(620 Alejandría)
080 _a913(560.118 E.)
100 1 _aRondeau, Daniel.
_9147871
245 1 4 _aLas tres puertas del Mediterráneo /
_cDaniel Rondeau ; traducción de José Ángel Alcalde, Ubaldo Gutiérrez, Adolfo Torres.
260 _aGranada :
_bAlmed,
_c[2008]
300 _aXIII, 460 p., [16] p. de lám. col. y n., fot. :
_bmapa ;
_c24 cm.
490 1 _aHistoria
504 _aBibliografía: p. 459-460.
651 7 _aTánger-
_xDescripción.
_9147872
651 7 _aAlejandría (Egipto)-
_xDescripción.
_9147873
651 7 _aEstambul-
_xDescripción.
_98577
651 4 _aMarruecos-
_xDescripción.
_99025
830 0 _aHistoria
_9177536
852 _aES-MaACL
_9185975
_dOlim: N-4498
_bR.145899
_jA-11494
_cDEPO1
942 _2udc
_cMONOGRAFIA
999 _c179103
_d179103